| АИС "Историко-культурное наследие Беларуси" | ||
| Базовый | Расширенный | Профессиональный | Словарь персоналий | Тематический словарь | По видам объектов | История запросов Заказы | Регистрация | |
Запись в MARC-формате
| копировать MARC-запись |
=LDR 00000nx\\c2200229\\\45\\
=001 BY-NLB-ar10325390
=005 20160330095624.2
=100 \\$a20160307abely50\\\\\\ca0
=152 \\$apsbo
=160 \\$ae-bw
=215 \\$aКасцёл Святога Апостала Іуды Фадзея (Прывалкі, вёска; Гродзенскі раён)
=300 1\$aПабудаваны ў 1918–1919 гг. з дрэва. Помнік архітэктуры неаготыкі. У канцы 1950-х – пачатку 1960-х гг. быў закрыты і часткова разбураны, адноўлены ў пачатку 1990-х г.
=356 \\$aЗнаходзіцца ў цэнтры вёскі Прывалкі Гожскага сельсавета Гродзенскага раёна Гродзенскай вобласці.
=415 \\$aКасцёл Святога Іуды Тадэвуша (Прывалкі, вёска; Гродзенскі раён)
=415 \\$aКасцёл Святога Юды Тадэвуша (Прывалкі, вёска; Гродзенскі раён)
=415 \\$aПрывалкаўскі касцёл Святога Іуды Тадэвуша
=515 \\$5w$3BY-NLB-ar10325330$aКостел Святого Апостола Иуды Фадея (Привалки, деревня; Гродненский район)
=801 \0$aBY$bBY-HM0000$c20160307
=810 \\$aДзяржаўны спіс гісторыка-культурных каштоўнасцей Рэспублікі Беларусь. — Мінск, 2009.
=810 \\$aКаталіцкія храмы Беларусі / А. М. Кулагін. — Мінск, 2008.
=999 \\$f40 NLB-NDARD$t20160307
=999 \\$h2786 NLB-NDARD$t20160318
Чтобы вернуться назад, щелкните кнопку BACK на Вашем браузере